000 00211nam a2200097Ia 4500
008 191206s9999 xx 000 0 und d
020 _a9.78034E+12
090 _aHB871.GIL
245 0 _aPopulation
260 _cc2005
999 _c16719
_d16719